=LDR 00000nam 2200000 4500 =001 INLIS000000000014550 =005 20130612105830 =008 ***********************************ind** =035 ##$$0010-061300000014550 =041 ##$$a ind =082 ##$$a 636.932 =090 ##$$a 636932, Ris m =100 ##$$a Rismunandar =245 ##$$a Meningkatkan Konsumsi Protein dengan berternak kelinci, Rismunandar =260 ##$$a 1990 $b Bandung =300 ##$$a x, 54 Hlm, Ilus, 21 Cm =650 ##$$a Kelinci Protein =850 ##$$a NBPNMAT